000 02421nam a22002417a 4500
003 Uzh_bibl
008 260525b |||||||| |||| 00| 0 ukr d
020 _a978-1-4052-5589-9
_c100.00
040 _bукр.
041 _2eng
_aeng
080 _a821(410)
090 _a821(410)
_bМ 83
100 _a Morpurgo, Michael
245 _aMr Nobody's Eyes
_hText
260 _aLondon
_b Egmont UK Limited
_c2010
300 _a190 s.
520 _aA tale of fun and friendship from former Children’s Laureate and author of War Horse, Michael Morpurgo. Harry heard the key turn in the lock. He had already made up his mind to run. Harry is in trouble at school, and doesn’t like his stepfather or the new baby. Then he befriends Ocky, a chimpanzee from the circus. Ocky’s owner won’t mind if Harry borrows her for a bit, will he? But then Harry’s stepfather and the police find out. Harry and the chimp are soon on the run! A gripping and poignant animal adventure from the master storyteller of An Eagle in the Snow, Listen to the Moon, Shadow, and An Elephant in the Garden. Michael Morpurgo has written more than a hundred books and won the Whitbread Award, the Smarties Award, the Circle of Gold Award, the Children’s Book Award and has been short-listed for the Carnegie Medal four times.Очі містера Нікого» — це захоплива історія про тварин від найулюбленішого британського дитячого автора Майкла Морпурго. Гаррі почув, як ключ повернувся в замку. Він уже вирішив тікати. Гаррі має проблеми в школі, і йому не подобається вітчим чи новонароджена дитина. Потім він заводить дружбу з Оккі, шимпанзе з цирку. Власник Окі не буде проти, якщо Гаррі позичить її на деякий час, правда? Але потім вітчим Гаррі та поліція дізнаються. Гаррі та шимпанзе незабаром починають тікати!
521 _aДля підлітків
525 _aДля старшого шкільного віку
546 _aукр.
650 _aЛітературно-художне видання
942 _2udc
_cBK
999 _c17976
_d17976